[Event "GRE CupT 41st f/16"]
[Site "Greece"]
[Date "2023.06.18"]
[Round "1.5"]
[White "Papaioannou, Ioannis"]
[Black "Kafantaris, Pavlos"]
[Result "1-0"]
[WhiteElo "2628"]
[BlackElo "1558"]
[PlyCount "74"]
[EventDate "2023.06.18"]
[EventType "team-k.o."]
[EventRounds "1"]
[EventCountry "GRE"]
[SourceTitle "EXT 2024"]
[Source "ChessBase"]
[SourceDate "2023.10.10"]
[SourceVersion "1"]
[SourceVersionDate "2023.10.10"]
[SourceQuality "1"]

1. c4 e6 2. Nf3 d5 3. e3 Nf6 4. b3 Be7 5. Bb2 0-0 6. Nc3 c5 7. cxd5 exd5 8. Rc1 Nc6 9. Na4 b6 10. Bb5 Bb7 11. d4 Ne4 12. 0-0 Rc8 13. dxc5 bxc5 14. Qe2 Qa5 15. Rfd1 Rfd8 16. Ne1 a6 17. Bd3 Nb4 18. Bxe4 dxe4 19. Qg4 g6 20. Qf4 c4 21. Rxd8+ Rxd8 22. bxc4 Nxa2 23. Ra1 Nb4 24. c5 Nc6 25. Qxe4 Qb5 26. Qc2 f6 27. Nc3 Qxc5 28. Qb3+ Kg7 29. Qxb7 Rb8 30. Qxa6 Rxb2 31. Na4 Nb4 32. Nxc5 Nxa6 33. Nxa6 Rd2 34. Nc7 Bb4 35. Nf3 Rc2 36. Nd4 Bc3 37. Nxc2 Bxa1 1-0

[Event "EU-ch Cities&Town op"]
[Site "Tornelo INT"]
[Date "2023.01.29"]
[Round "?"]
[White "Papaioannou, Ioannis"]
[Black "Barbu, Simon Alexandru"]
[Result "1-0"]
[WhiteElo "2628"]
[BlackElo "2023"]
[PlyCount "73"]
[EventDate "2023.01.29"]
[EventType "team-swiss"]
[EventRounds "9"]
[EventCountry "NET"]
[SourceTitle "CBM 212 Extra"]
[Source "ChessBase"]
[SourceDate "2023.03.31"]
[SourceVersion "1"]
[SourceVersionDate "2023.03.31"]
[SourceQuality "1"]
[WhiteTeam "Thessaloniki"]
[BlackTeam "Galati CSM"]
[WhiteTeamCountry "GRE"]
[BlackTeamCountry "ROU"]

1. d4 Nf6 2. Nf3 g6 3. Bg5 Bg7 4. Nbd2 d5 5. e3 c5 6. c3 Nc6 7. Be2 Bf5 8. dxc5 e5 9. 0-0 0-0 10. b4 Re8 11. Rc1 Qe7 12. Re1 Rac8 13. Qb3 Qe6 14. Bf1 a5 15. a3 Ne4 16. Nxe4 Bxe4 17. Nd2 Bf5 18. e4 dxe4 19. Bc4 Qd7 20. Nxe4 Bxe4 21. Rxe4 axb4 22. axb4 Qf5 23. Ree1 Qxg5 24. Bxf7+ Kh8 25. Bxe8 Rxe8 26. Qd5 Rd8 27. Qe4 Qf5 28. Qxf5 gxf5 29. Rcd1 e4 30. b5 Rxd1 31. Rxd1 Ne7 32. Rd8+ Ng8 33. c4 Be5 34. Rd7 f4 35. Rxb7 Nf6 36. c6 Ne8 37. Re7 1-0

[Event "EU-ch Cities&Town op"]
[Site "Tornelo INT"]
[Date "2023.01.29"]
[Round "?"]
[White "Papaioannou, Ioannis"]
[Black "Rodshtein, Maxim"]
[Result "1/2-1/2"]
[WhiteElo "2628"]
[BlackElo "2616"]
[PlyCount "120"]
[EventDate "2023.01.29"]
[EventType "team-swiss"]
[EventRounds "9"]
[EventCountry "NET"]
[SourceTitle "CBM 212 Extra"]
[Source "ChessBase"]
[SourceDate "2023.03.31"]
[SourceVersion "1"]
[SourceVersionDate "2023.03.31"]
[SourceQuality "1"]
[WhiteTeam "Thessaloniki"]
[BlackTeam "Praha op"]
[WhiteTeamCountry "GRE"]
[BlackTeamCountry "CZE"]

1. e4 e5 2. Nf3 Nc6 3. Bb5 Nf6 4. d3 Bc5 5. Bxc6 dxc6 6. Nbd2 Nd7 7. Nc4 f6 8. Be3 b6 9. Qe2 Ba6 10. Ncd2 0-0 11. 0-0 Bd6 12. a4 Nc5 13. a5 Ne6 14. Rfd1 c5 15. axb6 axb6 16. Nc4 Be7 17. c3 Bb5 18. Qc2 Qd7 19. b3 Rxa1 20. Rxa1 Rd8 21. Rd1 Bf8 22. h3 Ba6 23. Ra1 Bb7 24. Ra7 Qc8 25. b4 cxb4 26. cxb4 Kh8 27. Qb3 Bc6 28. Qc3 Bb5 29. Qb3 Be8 30. Nb2 b5 31. Qc3 Qd7 32. Ra6 c6 33. Ra7 Qd6 34. Qb3 Bd7 35. Bb6 Rc8 36. Nd1 Rb8 37. Be3 Re8 38. Bb6 Bc8 39. Qc2 c5 40. bxc5 Nxc5 41. Bxc5 Qxc5 42. Qxc5 Bxc5 43. Rc7 Bd6 44. Rc6 Bf8 45. Nc3 b4 46. Nd5 Bb7 47. Rb6 Bxd5 48. exd5 Rd8 49. Rb5 Kg8 50. Nd2 Kf7 51. Nc4 Rd7 52. Kf1 Ra7 53. Ke2 h5 54. Kf3 Kg6 55. g4 hxg4+ 56. hxg4 Ra6 57. Rb8 Bc5 58. Rb5 Bf8 59. Rb8 Bc5 60. Rb5 Bf8 1/2-1/2

[Event "GRE-chT 48th"]
[Site "Athens"]
[Date "2021.09.07"]
[Round "1.1"]
[White "Papaioannou, Ioannis"]
[Black "Kapnisis, Spyridon"]
[Result "1-0"]
[WhiteElo "2623"]
[BlackElo "2489"]
[PlyCount "99"]
[EventDate "2021.09.07"]
[EventType "team-swiss"]
[EventRounds "7"]
[EventCountry "GRE"]
[SourceTitle "CBM 204 Extra"]
[Source "ChessBase"]
[SourceDate "2021.11.30"]
[SourceVersion "1"]
[SourceVersionDate "2021.11.30"]
[SourceQuality "1"]
[WhiteTeam "Evoiki ES"]
[BlackTeam "Nikaia Fysiolatris"]
[WhiteTeamCountry "GRE"]
[BlackTeamCountry "GRE"]

1. e4 e5 2. Nf3 Nc6 3. Nc3 Nf6 4. Bb5 Bd6 5. d3 0-0 6. Bxc6 bxc6 7. 0-0 Re8 8. Bg5 h6 9. Bh4 Bf8 10. d4 exd4 11. Qxd4 g5 12. Bg3 Nh5 13. Rfe1 d6 14. Rad1 Bg4 15. Qa4 Bxf3 16. gxf3 Qd7 17. Nd5 Bg7 18. Ne3 Kh7 19. Nf5 Be5 20. c4 Ng7 21. Nxg7 Kxg7 22. c5 Rab8 23. b3 h5 24. Bxe5+ Rxe5 25. Qxa7 Rd8 26. cxd6 cxd6 27. Qxd7 Rxd7 28. Re3 Kf8 29. Rc3 c5 30. Rcd3 Ke7 31. Kg2 Ke6 32. Rd5 f6 33. R5d2 Ke7 34. a4 Ke6 35. Kg3 f5 36. Re1 Kf6 37. a5 c4 38. bxc4 Rxa5 39. Red1 fxe4 40. fxe4 Ra3+ 41. Rd3 Rxd3+ 42. Rxd3 Ke6 43. Rd5 Rg7 44. Rf5 Rg8 45. c5 dxc5 46. Rxc5 Kf6 47. Rf5+ Kg6 48. h4 gxh4+ 49. Kxh4 Ra8 50. Rg5+ 1-0

[Event "EU-chT 22nd"]
[Site "Batumi"]
[Date "2019.11.02"]
[Round "9.1"]
[White "Aronian, Levon"]
[Black "Papaioannou, Ioannis"]
[Result "1-0"]
[WhiteElo "2758"]
[BlackElo "2645"]
[PlyCount "99"]
[EventDate "2019.10.24"]
[EventType "team-swiss"]
[EventRounds "9"]
[EventCountry "GEO"]
[SourceTitle "CBM 193"]
[Source "ChessBase"]
[SourceDate "2019.12.31"]
[SourceVersion "1"]
[SourceVersionDate "2019.12.31"]
[SourceQuality "1"]
[WhiteTeam "Armenia"]
[BlackTeam "Greece"]
[WhiteTeamCountry "ARM"]
[BlackTeamCountry "GRE"]

1. Nf3 Nf6 2. c4 e6 3. g3 d5 4. Bg2 dxc4 5. Qa4+ c6 6. Qxc4 b5 7. Qc2 Bb7 8. 0-0 Nbd7 9. Nc3 Rc8 10. Rd1 a6 11. a4 Be7 12. d3 0-0 13. e4 a5 14. h3 b4 15. Nb1 c5 16. Nbd2 Nb8 17. Nb3 Nc6 18. Be3 Nd7 19. Qe2 Ba6 20. Rac1 Qb6 21. Nfd2 Bf6 22. Nc4 Bxc4 23. Rxc4 Nd4 24. Bxd4 Bxd4 25. Kh2 Ne5 26. Rc2 Rcd8 27. f4 Nc6 28. Rdc1 e5 29. f5 Rd6 30. h4 Qd8 31. Nxc5 Bxc5 32. Rxc5 Nd4 33. Qd1 b3 34. R1c3 Re8 35. Qd2 h6 36. R3c4 Nc2 37. Bf1 Rd4 38. Qf2 Rxd3 39. Bxd3 Qxd3 40. Rc3 Qxe4 41. Rxb3 Nd4 42. Re3 Qg4 43. Rec3 e4 44. Qxd4 Qe2+ 45. Kg1 e3 46. Rc2 Qf3 47. R5c3 Re4 48. Qd8+ Kh7 49. Rg2 Rxa4 50. Rc8 1-0

[Event "EU-chT 22nd"]
[Site "Batumi"]
[Date "2019.10.25"]
[Round "2.5"]
[White "Papaioannou, Ioannis"]
[Black "Giri, Anish"]
[Result "0-1"]
[WhiteElo "2645"]
[BlackElo "2780"]
[PlyCount "82"]
[EventDate "2019.10.24"]
[EventType "team-swiss"]
[EventRounds "9"]
[EventCountry "GEO"]
[SourceTitle "CBM 193"]
[Source "ChessBase"]
[SourceDate "2019.12.31"]
[SourceVersion "1"]
[SourceVersionDate "2019.12.31"]
[SourceQuality "1"]
[WhiteTeam "Greece"]
[BlackTeam "Netherlands"]
[WhiteTeamCountry "GRE"]
[BlackTeamCountry "NED"]

1. d4 Nf6 2. Nf3 g6 3. Bf4 Bg7 4. Nbd2 0-0 5. c3 d6 6. e4 Nbd7 7. Be2 b6 8. 0-0 Bb7 9. Qc2 e5 10. Bg5 h6 11. Bh4 Qe8 12. Rfe1 Nh5 13. Rad1 Kh8 14. dxe5 dxe5 15. Nc4 Nc5 16. Nfd2 Bf6 17. Bxf6+ Nxf6 18. f3 Kg7 19. b4 Ncd7 20. Nb3 h5 21. Qd2 h4 22. Qg5 Rh8 23. Rd2 Qe6 24. Red1 b5 25. Nd6 Rh5 26. Qe3 cxd6 27. Rxd6 Qe7 28. Bxb5 Nf8 29. Nc5 Rb8 30. a4 Rh8 31. Bc4 Bc8 32. a5 Nh5 33. Bf1 Nf4 34. Kh1 Nh7 35. b5 Nf6 36. Kg1 N6h5 37. Kf2 Qg5 38. Qd2 Ng3 39. hxg3 hxg3+ 40. Ke3 Rh2 41. Qc1 Bh3 0-1

[Event "FIDE Chess.com Grand Swiss"]
[Site "Douglas"]
[Date "2019.10.12"]
[Round "3"]
[White "Papaioannou, Ioannis"]
[Black "Svidler, Peter"]
[Result "1/2-1/2"]
[WhiteElo "2645"]
[BlackElo "2729"]
[PlyCount "62"]
[EventDate "2019.10.10"]
[EventType "swiss"]
[EventRounds "11"]
[EventCountry "IOM"]
[SourceTitle "CBM 193"]
[Source "ChessBase"]
[SourceDate "2019.12.31"]
[SourceVersion "1"]
[SourceVersionDate "2019.12.31"]
[SourceQuality "1"]

1. d4 Nf6 2. Nf3 g6 3. Bg5 Bg7 4. e3 0-0 5. Nbd2 d6 6. Bc4 c5 7. c3 Qb6 8. Qb3 Qc7 9. 0-0 b6 10. Bd3 Nc6 11. Qd1 a6 12. Rc1 b5 13. a4 Rb8 14. b3 Bd7 15. h3 cxd4 16. cxd4 Qb6 17. axb5 Nb4 18. Be2 axb5 19. Bxf6 Bxf6 20. Ne4 Bg7 21. Nc3 Bc6 22. Qd2 Na6 23. Rfd1 Rfc8 24. Ne1 e6 25. Bf3 d5 26. Nd3 Bf8 27. Na2 Be8 28. b4 Nc7 29. Nc5 Bc6 30. Nc3 Ne8 31. e4 dxe4 1/2-1/2

[Event "GRE-chT 47th"]
[Site "Patras"]
[Date "2019.07.05"]
[Round "5.2"]
[White "Papaioannou, Ioannis"]
[Black "Laznicka, Viktor"]
[Result "1/2-1/2"]
[WhiteElo "2640"]
[BlackElo "2658"]
[PlyCount "62"]
[EventDate "2019.07.02"]
[EventType "team-swiss"]
[EventRounds "7"]
[EventCountry "GRE"]
[SourceTitle "CBM 191 Extra"]
[Source "ChessBase"]
[SourceDate "2019.09.30"]
[SourceVersion "1"]
[SourceVersionDate "2019.09.30"]
[SourceQuality "1"]
[WhiteTeam "Heraklion OF"]
[BlackTeam "Amo Galaxias"]
[WhiteTeamCountry "GRE"]
[BlackTeamCountry "GRE"]

1. e4 e5 2. Nf3 Nc6 3. Bb5 Nf6 4. 0-0 Nxe4 5. Re1 Nd6 6. Nxe5 Be7 7. Bf1 Nxe5 8. Rxe5 0-0 9. d4 Bf6 10. Re1 Re8 11. c3 Rxe1 12. Qxe1 Qe7 13. Qxe7 Bxe7 14. Bf4 b6 15. Nd2 Bb7 16. Re1 Kf8 17. g3 Ne8 18. Nc4 Rd8 19. h4 d5 20. Ne3 Bd6 21. Bxd6+ Nxd6 22. f3 a5 23. Kf2 Re8 24. Bd3 h6 25. Nf5 Nxf5 26. Rxe8+ Kxe8 27. Bxf5 Ke7 28. Ke3 Ba6 29. Bc2 g5 30. hxg5 hxg5 31. a3 Bc8 1/2-1/2

[Event "GRE-chT 47th"]
[Site "Patras"]
[Date "2019.07.03"]
[Round "3.1"]
[White "Papaioannou, Ioannis"]
[Black "Kourkoulos Arditis, Stamatis"]
[Result "1/2-1/2"]
[WhiteElo "2640"]
[BlackElo "2436"]
[PlyCount "75"]
[EventDate "2019.07.02"]
[EventType "team-swiss"]
[EventRounds "7"]
[EventCountry "GRE"]
[SourceTitle "CBM 191 Extra"]
[Source "ChessBase"]
[SourceDate "2019.09.30"]
[SourceVersion "1"]
[SourceVersionDate "2019.09.30"]
[SourceQuality "1"]
[WhiteTeam "Heraklion OF"]
[BlackTeam "To Kallithes"]
[WhiteTeamCountry "GRE"]
[BlackTeamCountry "GRE"]

1. d4 Nf6 2. Nf3 g6 3. Bg5 Bg7 4. Nbd2 0-0 5. e3 d6 6. c3 Nbd7 7. Bd3 h6 8. Bh4 e5 9. 0-0 Re8 10. e4 exd4 11. cxd4 g5 12. Bg3 Nh5 13. Nc4 Nb8 14. d5 Nd7 15. Qc2 Nc5 16. Rae1 Bd7 17. b4 Nxd3 18. Qxd3 Bb5 19. Rc1 a5 20. a4 Bxa4 21. Nxa5 Qd7 22. Rfe1 Bb5 23. Qc2 Nxg3 24. hxg3 c5 25. dxc6 bxc6 26. Nc4 Qe6 27. e5 Qxc4 28. Qxc4 Bxc4 29. Rxc4 dxe5 30. Rxc6 Rab8 31. Rc4 Bf8 32. Rxe5 Rxe5 33. Nxe5 Rxb4 34. Rc8 Rb7 35. Ng4 Kg7 36. Ne3 h5 37. Rc6 Rb5 38. g4 1/2-1/2

[Event "Olympiad-43"]
[Site "Batumi"]
[Date "2018.09.28"]
[Round "5.14"]
[White "Georgiev, Kiril"]
[Black "Papaioannou, Ioannis"]
[Result "1-0"]
[WhiteElo "2590"]
[BlackElo "2634"]
[PlyCount "67"]
[EventDate "2018.09.24"]
[EventType "team-swiss"]
[EventRounds "11"]
[EventCountry "GEO"]
[SourceTitle "CBM 187"]
[Source "ChessBase"]
[SourceDate "2018.12.11"]
[SourceVersion "1"]
[SourceVersionDate "2018.12.11"]
[SourceQuality "1"]
[WhiteTeam "Macedonia"]
[BlackTeam "Greece"]
[WhiteTeamCountry "MKD"]
[BlackTeamCountry "GRE"]

1. c4 e6 2. Nc3 Bb4 3. Qb3 Ba5 4. Nf3 Nf6 5. g3 d5 6. Bg2 0-0 7. 0-0 c5 8. d4 cxd4 9. Nxd4 Bb6 10. Nc2 d4 11. Na4 Nc6 12. Nxb6 axb6 13. Bg5 e5 14. f4 e4 15. Bxe4 Qe8 16. Bxc6 Qxc6 17. Nxd4 Qd6 18. Bxf6 Qxf6 19. Rad1 Bg4 20. Rd2 Rfe8 21. Nf3 h5 22. Ne5 Bh3 23. Rfd1 Qe7 24. Qxb6 Rxa2 25. Rd8 Ra8 26. Rxa8 Rxa8 27. Qd6 Qe8 28. Kf2 f6 29. Nf3 Kh8 30. Qd5 Be6 31. Qe4 Qf7 32. Rd4 Re8 33. Qd3 Qe7 34. Re4 1-0

[Event "GRE-chT 46th"]
[Site "Rio Achaia"]
[Date "2018.07.14"]
[Round "6.2"]
[White "Papaioannou, Ioannis"]
[Black "Mastrovasilis, Athanasios"]
[Result "1/2-1/2"]
[WhiteElo "2647"]
[BlackElo "2497"]
[PlyCount "81"]
[EventDate "2018.07.10"]
[EventType "team"]
[EventRounds "7"]
[EventCountry "GRE"]
[SourceTitle "CBM 185 Extra"]
[Source "ChessBase"]
[SourceDate "2018.07.29"]
[SourceVersion "1"]
[SourceVersionDate "2018.07.29"]
[SourceQuality "1"]
[WhiteTeam "Kavalas"]
[BlackTeam "Thessaloniki"]
[WhiteTeamCountry "GRE"]
[BlackTeamCountry "GRE"]

1. d4 d5 2. c4 c6 3. cxd5 cxd5 4. Bf4 Nc6 5. e3 Nf6 6. Nc3 Bg4 7. Qb3 Na5 8. Qa4+ Bd7 9. Qc2 e6 10. Bd3 Nh5 11. Bg3 Rc8 12. Nf3 Bb4 13. 0-0 Nc4 14. Rfc1 Nxg3 15. hxg3 Bxc3 16. bxc3 b5 17. Bxc4 Rxc4 18. Ne5 Rc7 19. Qb3 0-0 20. Rab1 a6 21. Qa3 Ra7 22. Nd3 Qc7 23. Qc5 Qxc5 24. Nxc5 Bc6 25. f3 Re8 26. Kf2 f6 27. f4 h6 28. Rb3 Kf7 29. Ra3 a5 30. Rb3 Rc8 31. Rh1 Ke7 32. g4 Kd6 33. Ke2 Rf8 34. Rbb1 Raf7 35. Kd2 Re7 36. Rhf1 Rh8 37. Rh1 Rf8 38. Rbf1 Ref7 39. Rh5 Re7 40. Rh3 Ref7 41. Rh5 1/2-1/2

[Event "GRE CupT final 36th"]
[Site "Rio Achaia"]
[Date "2018.07.08"]
[Round "1.4"]
[White "Papaioannou, Ioannis"]
[Black "Hristodoulou, Panagiotis"]
[Result "1-0"]
[WhiteElo "2647"]
[BlackElo "2329"]
[PlyCount "75"]
[EventDate "2018.07.08"]
[EventType "team-k.o."]
[EventRounds "3"]
[EventCountry "GRE"]
[SourceTitle "CBM 185 Extra"]
[Source "ChessBase"]
[SourceDate "2018.07.29"]
[SourceVersion "1"]
[SourceVersionDate "2018.07.29"]
[SourceQuality "1"]
[WhiteTeam "Kavalas"]
[BlackTeam "OFH"]
[WhiteTeamCountry "GRE"]
[BlackTeamCountry "GRE"]

1. d4 d5 2. c4 c6 3. Nf3 Nf6 4. e3 e6 5. Bd3 Nbd7 6. b3 Bd6 7. Bb2 0-0 8. Nbd2 b6 9. 0-0 Qc7 10. Rc1 Bb7 11. Re1 Rad8 12. Bb1 Qb8 13. Qc2 Rfe8 14. e4 Nxe4 15. Nxe4 dxe4 16. Qxe4 f5 17. Qc2 Nf6 18. c5 Bf4 19. Rcd1 Nd5 20. a3 Qc7 21. Bc1 Qe7 22. b4 h6 23. Bxf4 Nxf4 24. Ba2 Qf6 25. g3 Nd5 26. Ne5 b5 27. Rd2 Re7 28. Rde2 Kh8 29. Qb2 Rde8 30. Bxd5 cxd5 31. c6 Bc8 32. Qc1 a6 33. Qc5 g5 34. Qd6 Kg7 35. Re3 h5 36. Nd7 Qf7 37. Nb6 Kf6 38. Nxd5+ 1-0

[Event "EU-chT (Men) 21st"]
[Site "Heraklion"]
[Date "2017.11.05"]
[Round "8.1"]
[White "Papaioannou, Ioannis"]
[Black "Adams, Michael"]
[Result "1/2-1/2"]
[WhiteElo "2652"]
[BlackElo "2727"]
[PlyCount "123"]
[EventDate "2017.10.28"]
[EventType "team-swiss"]
[EventRounds "9"]
[EventCountry "GRE"]
[SourceTitle "CBM 182"]
[Source "ChessBase"]
[SourceDate "2018.01.17"]
[SourceVersion "1"]
[SourceVersionDate "2018.01.17"]
[SourceQuality "1"]
[WhiteTeam "Greece"]
[BlackTeam "England"]
[WhiteTeamCountry "GRE"]
[BlackTeamCountry "ENG"]

1. d4 Nf6 2. Nf3 d5 3. c4 e6 4. g3 Bb4+ 5. Bd2 Be7 6. Bg2 0-0 7. 0-0 Nbd7 8. Qc2 c6 9. Rd1 b6 10. b3 Ba6 11. a4 c5 12. Na3 Bb7 13. cxd5 Bxd5 14. Qb2 cxd4 15. Nxd4 Bxg2 16. Kxg2 Qc8 17. b4 Qb7+ 18. Kg1 Ne4 19. Be3 Ndf6 20. b5 Ng4 21. Nc4 Rac8 22. Rac1 Bg5 23. Nc6 Bxe3 24. Nxe3 Nxe3 25. fxe3 Rc7 26. Qb4 Nf6 27. e4 h6 28. Rd6 Rd7 29. e5 Nd5 30. Rxd7 Qxd7 31. Qd6 Nf6 32. Ne7+ Kh7 33. Rc7 Qxd6 34. exd6 Rd8 35. Nc8 Ne4 36. Rc6 Rd7 37. Kg2 Kg6 38. Rc7 Rd8 39. d7 Nf6 40. Rxa7 Rxd7 41. Ra6 Rc7 42. Nxb6 Rc2 43. Kf3 Rc3+ 44. e3 h5 45. h3 Rc5 46. Ra7 Rf5+ 47. Ke2 Ne4 48. Kd3 Nd6 49. Rd7 Nxb5 50. axb5 Rxb5 51. Nc4 Rg5 52. Ke4 Rxg3 53. Ne5+ Kg5 54. Nf3+ Kf6 55. h4 Rg4+ 56. Kd3 e5 57. Ng5 Rxh4 58. Nxf7 Rg4 59. Ra7 h4 60. Nd6 h3 61. Ne8+ Kf5 62. Ra1 1/2-1/2

[Event "EU-chT (Men) 21st"]
[Site "Heraklion"]
[Date "2017.10.29"]
[Round "2.1"]
[White "Aronian, Levon"]
[Black "Papaioannou, Ioannis"]
[Result "1-0"]
[WhiteElo "2801"]
[BlackElo "2652"]
[PlyCount "81"]
[EventDate "2017.10.28"]
[EventType "team-swiss"]
[EventRounds "9"]
[EventCountry "GRE"]
[SourceTitle "CBM 182"]
[Source "ChessBase"]
[SourceDate "2018.01.17"]
[SourceVersion "1"]
[SourceVersionDate "2018.01.17"]
[SourceQuality "1"]
[WhiteTeam "Armenia"]
[BlackTeam "Greece"]
[WhiteTeamCountry "ARM"]
[BlackTeamCountry "GRE"]

1. c4 e5 2. g3 c6 3. Nf3 e4 4. Nd4 d5 5. cxd5 Qxd5 6. Nc2 Nf6 7. Nc3 Qh5 8. Ne3 Bc5 9. Qc2 Qe5 10. Bg2 Bxe3 11. fxe3 Bf5 12. b4 0-0 13. Bb2 Nbd7 14. 0-0 Qe6 15. b5 Bg6 16. Qb3 Nd5 17. Rac1 N7f6 18. Nxd5 Nxd5 19. Rc5 Rfd8 20. bxc6 bxc6 21. Qc4 Rac8 22. Rc1 h5 23. Rxc6 Rxc6 24. Qxc6 Qg4 25. Qb5 h4 26. gxh4 Qxh4 27. Bd4 Kh7 28. Rf1 Qg4 29. Rf2 Qe6 30. Qb1 Nf6 31. Qb3 Qe7 32. Rf1 Ng4 33. h3 Nh6 34. Rf4 Qg5 35. Bc3 Qg3 36. Qb7 Bf5 37. Qe7 Rb8 38. Rf1 f6 39. Bxf6 Qg6 40. Bc3 Rb5 41. Qh4 1-0

[Event "EU-chT (Men) 21st"]
[Site "Heraklion"]
[Date "2017.10.28"]
[Round "1.1"]
[White "Papaioannou, Ioannis"]
[Black "Hristodoulou, Panagiotis"]
[Result "1-0"]
[WhiteElo "2652"]
[BlackElo "2318"]
[PlyCount "77"]
[EventDate "2017.10.28"]
[EventType "team-swiss"]
[EventRounds "9"]
[EventCountry "GRE"]
[SourceTitle "CBM 182"]
[Source "ChessBase"]
[SourceDate "2018.01.17"]
[SourceVersion "1"]
[SourceVersionDate "2018.01.17"]
[SourceQuality "1"]
[WhiteTeam "Greece"]
[BlackTeam "Greece Crete"]
[WhiteTeamCountry "GRE"]
[BlackTeamCountry "GRE"]

1. d4 d5 2. Nf3 Nf6 3. c4 e6 4. g3 dxc4 5. Bg2 Bd7 6. Nbd2 Bc6 7. Nxc4 Bd5 8. Ne3 c6 9. 0-0 Be7 10. Nxd5 exd5 11. Qb3 Qb6 12. Qd3 0-0 13. Bg5 Re8 14. Rab1 a5 15. Bxf6 Bxf6 16. e3 Nd7 17. Bh3 Qc7 18. Rfc1 Nb6 19. Nd2 g6 20. a3 a4 21. Rc2 Be7 22. Bg2 Bd6 23. b4 Rac8 24. Bh3 f5 25. Bg2 Kf8 26. Rc3 Qe7 27. Rbc1 Rc7 28. h4 Rec8 29. Qc2 Kg7 30. Bf1 h6 31. h5 Qg5 32. hxg6 f4 33. exf4 Bxf4 34. Nf3 Qg4 35. Re1 Rf8 36. Nh2 Qg5 37. Re6 Rd7 38. b5 cxb5 39. Rxb6 1-0

[Event "GRE-chT 45th"]
[Site "Achaia"]
[Date "2017.07.08"]
[Round "7.1"]
[White "Papaioannou, Ioannis"]
[Black "Mista, Aleksander"]
[Result "1-0"]
[WhiteElo "2637"]
[BlackElo "2599"]
[PlyCount "111"]
[EventDate "2017.07.03"]
[EventType "team-swiss"]
[EventRounds "7"]
[EventCountry "GRE"]
[SourceTitle "CBM 179 Extra"]
[Source "ChessBase"]
[SourceDate "2017.08.23"]
[SourceVersion "1"]
[SourceVersionDate "2017.08.23"]
[SourceQuality "1"]
[WhiteTeam "Kavalas CN"]
[BlackTeam "Heraklion CN"]
[WhiteTeamCountry "GRE"]
[BlackTeamCountry "GRE"]

1. d4 Nf6 2. Nf3 d5 3. c4 e6 4. g3 g6 5. Bg2 Bg7 6. 0-0 0-0 7. Nc3 Nbd7 8. Qb3 c6 9. Bf4 Re8 10. Rfd1 Nh5 11. Bg5 Nhf6 12. e4 h6 13. Bxf6 Nxf6 14. e5 Nd7 15. Rac1 Nf8 16. h4 b6 17. Bf1 Qe7 18. Ne2 Bb7 19. Nf4 Rac8 20. Qe3 dxc4 21. Bxc4 c5 22. d5 exd5 23. Nxd5 Bxd5 24. Rxd5 Rcd8 25. Rcd1 Rxd5 26. Rxd5 Rd8 27. Rxd8 Qxd8 28. Qe4 Qe7 29. a4 Ne6 30. Qc6 Nf8 31. Qd5 Ne6 32. b3 Qd8 33. Qc6 Qc7 34. Qe8+ Nf8 35. Bd5 a6 36. e6 fxe6 37. Bxe6+ Kh8 38. Bc4 Qd7 39. Qe2 a5 40. Qe4 Bf6 41. Ne5 Qg7 42. Nf7+ Kh7 43. Qd5 Bd4 44. Nd6 Nd7 45. h5 Ne5 46. hxg6+ Qxg6 47. Kg2 h5 48. Qb7+ Qg7 49. Qe4+ Qg6 50. Nf5 Qg4 51. Qb7+ Kh8 52. Qb8+ Kh7 53. Qc7+ Kh8 54. Qd8+ Kh7 55. Qe7+ Kg6 56. Qe6+ 1-0

[Event "GRE-chT 45th"]
[Site "Achaia"]
[Date "2017.07.05"]
[Round "4.2"]
[White "Papaioannou, Ioannis"]
[Black "Baldauf, Marco"]
[Result "1-0"]
[WhiteElo "2637"]
[BlackElo "2458"]
[PlyCount "75"]
[EventDate "2017.07.03"]
[EventType "team-swiss"]
[EventRounds "7"]
[EventCountry "GRE"]
[SourceTitle "CBM 179 Extra"]
[Source "ChessBase"]
[SourceDate "2017.08.23"]
[SourceVersion "1"]
[SourceVersionDate "2017.08.23"]
[SourceQuality "1"]
[WhiteTeam "Kavalas CN"]
[BlackTeam "Three Stars 89"]
[WhiteTeamCountry "GRE"]
[BlackTeamCountry "GRE"]

1. d4 Nf6 2. Nf3 d5 3. c4 e6 4. g3 Be7 5. Bg2 0-0 6. 0-0 dxc4 7. Qc2 b6 8. Nbd2 Bb7 9. Nxc4 Be4 10. Qb3 Nc6 11. Be3 Bd5 12. Qc3 Qb8 13. a3 a5 14. Rac1 Rc8 15. Ncd2 Qb7 16. Qd3 e5 17. dxe5 Nxe5 18. Qc2 c5 19. a4 Nc6 20. Rfd1 Nb4 21. Qb1 Qa6 22. b3 b5 23. axb5 Qxb5 24. Nc4 a4 25. bxa4 Rxa4 26. Nfe5 Bxg2 27. Kxg2 Qb8 28. Bg5 h6 29. Bxf6 Bxf6 30. Nd7 Qb7+ 31. Kg1 Bd4 32. Qf5 g6 33. Qh3 Ra6 34. e3 Bg7 35. Nd6 Rxd6 36. Rxd6 c4 37. Rb6 Qd5 38. Nf6+ 1-0